| 000 | 00736nam a22002657a 4500 | ||
|---|---|---|---|
| 001 | BR9213935 | ||
| 003 | BR-BrBNA | ||
| 005 | 20230928093754.0 | ||
| 007 | ta | ||
| 008 | 230509b bl.||||| |||| 00| 0 por d | ||
| 040 |
_aBR-BrBNA _bpor _cBiblioteca Nacional de Agricultura |
||
| 041 | _a(Por) | ||
| 072 | _aE10 | ||
| 090 | _ E10 BR9213935 | ||
| 110 | 1 |
_aSecretaria de Estado da Agricultura, Aracaju, SE (Brasil) _98793 |
|
| 245 | 1 | _aProgramas e recursos para o setor agricola de Sergipe - 1984 | |
| 260 | 3 |
_aAracaju, SE (Brasil): _c1983. |
|
| 300 | _a50 p. | ||
| 650 | _aProjeto Agricola | ||
| 650 | _aRecurso Economico | ||
| 650 | _aOrcamento | ||
| 650 | _aSergipe | ||
| 909 |
_a202309 _bLucia _c55 _dLucia Elande |
||
| 942 | _cBK | ||
| 999 |
_c47014 _d47014 |
||